| 000 | 01277nam a22002777a 4500 | ||
|---|---|---|---|
| 005 | 20170124103119.0 | ||
| 010 | _aB-038406 | ||
| 020 |
_c175.00 _a8173153574 |
||
| 035 | _aB-038406 | ||
| 037 | _bCen Lib/Ret | ||
| 040 |
_aDPL _bHN |
||
| 082 |
_a359.0954 _bकेतक |
||
| 100 |
_aकेतकर, दत्तात्रय रामचन्द्र _981569 |
||
| 245 |
_aभारत की अजेय नौसेना / _cदत्तात्रय रामचन्द्र केतकर ; अनुवादक मो.ग. तपस्वी |
||
| 246 |
_aBharat ki ajey nausena / _bby Dattatray Ramchandra Ketkar ; anuvadak Mo. G. Tapsvi |
||
| 260 |
_aदिल्ली _bप्रभात प्रकाशन _c2001 |
||
| 270 |
_bदिल्ली _a4/11, आसफ अली रोड _e110002 |
||
| 300 |
_a158पृ. _c21सेमी(सजिल्द ) |
||
| 500 | _aसन्दर्भ सूची शामिल | ||
| 650 |
_aनौसेना--भारत _x _z _981570 |
||
| 650 |
_aनाविक संघर्ष _981571 |
||
| 650 |
_aNavy--India _981572 |
||
| 650 |
_aSailor conflict _981573 |
||
| 700 |
_aतपस्वी, मो.ग. _981574 |
||
| 942 |
_2ddc _cHN _h359.0954 _mकेतक |
||
| 999 |
_c118711 _d118711 |
||